000 00489pab a2200181 454500
008 180718b2011 xxu||||| |||| 00| 0 eng d
100 _aPatnaik, B.N.
245 _aEducation status in Bihar: Current gaps and future requirements
260 _c2011
300 _ap.125-160.
362 _aJul-Dec
650 _aEducation - India - Bihar
650 _aEducation
700 _aDeshpande, Nilesh V.
773 _aJournal of Social and Economic Studies
908 _aN
909 _a95358
999 _c95358
_d95358